书目信息 |
| 题名: |
冀东民歌研究
|
|
| 作者: | 刘荣德 , 李殿明 著 | |
| 分册: | ||
| 出版信息: | 北京 人民音乐出版社 2000.10 |
|
| 页数: | 525页 | |
| 开本: | 32开 | |
| 丛书名: | ||
| 单 册: | ||
| 中图分类: | J609.9 | |
| 科图分类: | ||
| 主题词: | 音乐流派 , 音乐--艺术理论 , 民歌--研究--河北 | |
| 电子资源: | ||
| ISBN: | 7-103-02082-5 | |
| 000 | 00613nam0 2200217 45 | |
| 001 | 0106111063 | |
| 005 | 20070712143726.09 | |
| 010 | @a7-103-02082-5@dCNY26.10 | |
| 100 | @a20010611d2000 km y0chiy0120 ea | |
| 101 | 0 | @achi |
| 200 | 1 | @a冀东民歌研究@AJi Dong Min Ge Yan Jiu@f刘荣德,李殿明著@FLiu Rong De,Li Dian Ming Zhu |
| 210 | @a北京@c人民音乐出版社@d2000.10 | |
| 215 | @a525页@d32开 | |
| 606 | 0 | @a音乐流派 |
| 606 | 0 | @a音乐@x艺术理论 |
| 606 | 0 | @a民歌@x研究@y河北 |
| 690 | @aJ609.9@v4 | |
| 701 | @a刘荣德@4著 | |
| 701 | 0 | @a李殿明@4著 |
| 801 | @aCN@bTSTC@c20070712 | |
| 905 | @f5@b298212-216@dJ609.9@e183 | |
| 冀东民歌研究/刘荣德,李殿明著.-北京:人民音乐出版社,2000.10 |
| 525页;32开 |
| ISBN 7-103-02082-5:CNY26.10 |
| ● |
| 相关链接 |
|
|
|
|
正题名:冀东民歌研究
索取号:J609.9/183
 
预约/预借
| 序号 | 登录号 | 条形码 | 馆藏地/架位号 | 状态 | 备注 |
| 1 | 0298212 | 202982120 | 第一借阅区/ [索取号:J609.9/183] | 在馆 | |
| 2 | 0298213 | 202982139 | 第一借阅区/ [索取号:J609.9/183] | 在馆 | |
| 3 | 0298214 | 202982148 | 第一借阅区/ [索取号:J609.9/183] | 在馆 | |
| 4 | 0298216 | 202982166 | 第一样本阅览室/ [索取号:J609.9/183] | 在馆 | |
| 5 | 0768277 | 207682774 | 密集书库/ [索取号:J609.9/183] | 在馆 | |
| 6 | 0770086 | 207700861 | 密集书库/ [索取号:J609.9/183] | 在馆 |